Great reset (Record no. 240690)

MARC details
000 -LEADER
fixed length control field 01362nam a22002297a 4500
005 - DATE AND TIME OF LATEST TRANSACTION
control field 20251205104253.0
008 - FIXED-LENGTH DATA ELEMENTS--GENERAL INFORMATION
fixed length control field 251201b |||||||| |||| 00| 0 eng d
020 ## - INTERNATIONAL STANDARD BOOK NUMBER
International Standard Book Number 9788199171251
040 ## - CATALOGING SOURCE
Transcribing agency AL
041 ## - LANGUAGE CODE
Language code of text/sound track or separate title eng
082 ## - DEWEY DECIMAL CLASSIFICATION NUMBER
Classification number 823
Item number MARG
100 ## - MAIN ENTRY--PERSONAL NAME
Personal name Juan Antonio March
100 ## - MAIN ENTRY--PERSONAL NAME
9 (RLIN) 247784
245 ## - TITLE STATEMENT
Title Great reset
260 ## - PUBLICATION, DISTRIBUTION, ETC.
Place of publication, distribution, etc. New Delhi
Name of publisher, distributor, etc. Vitasta
Date of publication, distribution, etc. 2025
300 ## - PHYSICAL DESCRIPTION
Extent 298p
Other physical details PB
Dimensions 20x13.5cm
365 ## - TRADE PRICE
Source of price type code English
Price type code XSTV-110978
Price amount 396.00
Currency code
Unit of pricing 396.00
Price note 0%
Price effective from 27-11-2025
520 ## - SUMMARY, ETC.
Summary, etc. Humanity stands at the edge of a revolution. At the heart of The Great Reset is Nour, a visionary AI expert, who reveals fifteen extraordinary breakthroughs across iconic global sites--each one a portal to a radically transformed tomorrow. Yet, every step toward innovation raises a haunting question: will our political structures evolve or stumble over time? Nour's journey moves toward a dramatic climax at a pivotal United Nations summit, where the blueprint for humanity's future hangs in the balance. In the tension of those international debates lies the possibility of a unified world or the chaos of irreparable division. The Great Reset is a gripping exploration of power, progress, and survival--of how one era ends and another begins.
650 ## - SUBJECT ADDED ENTRY--TOPICAL TERM
Topical term or geographic name entry element English Fiction
9 (RLIN) 247211
650 ## - SUBJECT ADDED ENTRY--TOPICAL TERM
Topical term or geographic name entry element CTRL+ALT+HUMAN
9 (RLIN) 247220
650 ## - SUBJECT ADDED ENTRY--TOPICAL TERM
Topical term or geographic name entry element Science Fiction
9 (RLIN) 247228
942 ## - ADDED ENTRY ELEMENTS (KOHA)
Source of classification or shelving scheme Dewey Decimal Classification
Koha item type Book
Holdings
Withdrawn status Lost status Source of classification or shelving scheme Damaged status Not for loan Collection code Home library Current library Shelving location Date acquired Source of acquisition Cost, normal purchase price Total Checkouts Total Renewals Full call number Barcode Date last seen Date last checked out Cost, replacement price Price effective from Koha item type
    Dewey Decimal Classification     English St Aloysius Library St Aloysius Library Stack Section 12/01/2025 amazon.in 396.00 2 2 823 MARG 077991 02/03/2026 01/16/2026 495.00 11/27/2025 Book
    Dewey Decimal Classification     English St Aloysius Library St Aloysius Library Stack Section 12/01/2025 amazon.in 396.00 1   823 MARG 077992 04/09/2026 12/01/2025 495.00 11/27/2025 Book
    Dewey Decimal Classification     English St Aloysius Library St Aloysius Library Stack Section 12/01/2025 amazon.in 396.00     823 MARG 077993 12/01/2025   495.00 11/27/2025 Book
    Dewey Decimal Classification     English St Aloysius Library St Aloysius Library Stack Section 12/01/2025 amazon.in 396.00     823 MARG 077994 12/01/2025   495.00 11/27/2025 Book
    Dewey Decimal Classification     English St Aloysius Library St Aloysius Library Stack Section 12/01/2025 amazon.in 396.00 2 2 823 MARG 077995 02/03/2026 01/16/2026 495.00 11/27/2025 Book
    Dewey Decimal Classification     English St Aloysius Library St Aloysius Library Stack Section 12/01/2025 amazon.in 396.00 2 2 823 MARG 077996 02/03/2026 01/16/2026 495.00 11/27/2025 Book
    Dewey Decimal Classification     English St Aloysius Library St Aloysius Library Stack Section 12/01/2025 amazon.in 396.00 2 2 823 MARG 077997 02/12/2026 01/16/2026 495.00 11/27/2025 Book
    Dewey Decimal Classification     English St Aloysius Library St Aloysius Library Stack Section 12/01/2025 amazon.in 396.00 2 2 823 MARG 077998 02/03/2026 01/16/2026 495.00 11/27/2025 Book
    Dewey Decimal Classification     English St Aloysius Library St Aloysius Library Stack Section 12/01/2025 amazon.in 396.00     823 MARG 077999 12/01/2025   495.00 11/27/2025 Book
    Dewey Decimal Classification     English St Aloysius Library St Aloysius Library Stack Section 12/01/2025 amazon.in 396.00     823 MARG 078000 12/01/2025   495.00 11/27/2025 Book